01216nam a2200253 a 450000100060000000300080000600500170001400800410003103500190007203500180009104000410010904100080015004200120015808200260017010000390019624500740023526000400030930000280034950003920037765000420076994200120081199900170082395201220084077025BD-RjUL20211209082922.0200216s1949 nyu b 000 0 eng  a(BD-RjUL)77249 a(OCoLC)270308 aDLCcODaWUdOCoLCdDLCdBD-RjULbeng aeng apremarc 223a812.508bGAT 19491 aGassner, John,d1903-1967,923940010aTwenty-five best plays of the modern American theatre /cJohn Gassner aNew York :bCrown Publishers,c1949 axxviii, 756 p.;c25 cm. aStreet scene, by Elmer Rice.--Strictly dishonorable, by Preston Sturges.--Berkeley Square, by J. L. Balderston.--The clod, by Lewis Beach.--Trifles, by Susan Glaspell.--Ile, by Eugene O'Neill.--Aria da capo, by E. St. V. Millay.--Poor Aubrey, by George Kelly.--White dresses, by Paul Green.--Minnie Field, by E. P. Conkle.--Supplementary list of plays (p. 754-755)--Bibliography (p. 756) 0aAmerican dramay20th century.9239401 2ddccBK c77025d77025 00102ddc40718NFICaRUCLbRUCLcReadingd2020-02-16l0o812.508 GAT 1949r2020-02-16 00:00:00tC-1w2020-02-16yBK